[Event "GER CupT Baden Seniors final"]
[Site "Karlsruhe"]
[Date "2018.06.24"]
[Round "3.4"]
[White "Heinl, Achim"]
[Black "Osorio Ortiz, Marcos Eduardo"]
[Result "0-1"]
[WhiteElo "2143"]
[BlackElo "2236"]
[PlyCount "84"]
[EventDate "2018.06.24"]
[EventType "team-k.o."]
[EventRounds "4"]
[EventCountry "GER"]
[SourceTitle "EXT 2019"]
[Source "ChessBase"]
[SourceDate "2018.10.10"]
[SourceVersion "1"]
[SourceVersionDate "2018.10.10"]
[SourceQuality "1"]
[WhiteTeam "Eppingen Seniors"]
[BlackTeam "Emmendingen Seniors"]
[WhiteTeamCountry "GER"]
[BlackTeamCountry "GER"]

1. c4 Nf6 2. Nc3 c5 3. Nf3 Nc6 4. g3 d5 5. cxd5 Nxd5 6. Bg2 Nc7 7. b3 e5 8. Bb2 Be7 9. 0-0 0-0 10. d3 Be6 11. Rc1 b6 12. Nd2 Qd7 13. Nc4 Bh3 14. Bxh3 Qxh3 15. e3 b5 16. Qf3 Qd7 17. Nd2 Nb4 18. Ndb1 Nxd3 19. Rcd1 c4 20. e4 Qd6 21. Nd5 Nxd5 22. exd5 Qa6 23. Rxd3 cxd3 24. Qxd3 Rfd8 25. Bxe5 Qe6 26. Qxh7+ Kxh7 27. dxe6 fxe6 28. Nc3 Rac8 29. Re1 Bb4 30. Re3 Rc5 31. Ne2 Rd2 32. a4 bxa4 33. bxa4 Rcc2 34. Kf1 Rd1+ 35. Kg2 Re1 36. Kf3 Rc4 37. Bf4 Bd2 38. Re5 Bxf4 39. gxf4 Rxa4 40. Rxe6 Ra3+ 41. Kg4 Ra2 42. Kf3 a5 0-1

[Event "Oberliga Baden 1415"]
[Site "Baden"]
[Date "2015.03.15"]
[Round "8.5"]
[White "Schulte, Torsten"]
[Black "Osorio Ortiz, Marcos Eduardo"]
[Result "1-0"]
[WhiteElo "2116"]
[BlackElo "2269"]
[PlyCount "67"]
[EventDate "2014.09.21"]
[EventType "team-tourn"]
[EventRounds "9"]
[EventCountry "GER"]
[SourceTitle "EXT 2016"]
[Source "ChessBase"]
[SourceDate "2015.10.08"]
[SourceVersion "1"]
[SourceVersionDate "2015.10.08"]
[SourceQuality "1"]
[WhiteTeam "Eppingen II"]
[BlackTeam "Emmendingen"]
[WhiteTeamCountry "GER"]
[BlackTeamCountry "GER"]

1. d4 Nf6 2. c4 d6 3. Nf3 g6 4. Nc3 Bg7 5. g3 0-0 6. Bg2 Nbd7 7. 0-0 e5 8. e4 c6 9. h3 Qb6 10. Re1 exd4 11. Nxd4 Re8 12. Nb3 Ne5 13. Bf1 Be6 14. Be3 Qc7 15. Nd2 d5 16. exd5 cxd5 17. Bf4 Nh5 18. Bxe5 Bxe5 19. cxd5 Bd7 20. Qf3 f5 21. Nc4 Bg7 22. d6 Qc8 23. Rxe8+ Bxe8 24. Rd1 Bc6 25. Qd3 Qe6 26. Na5 Rd8 27. Nxc6 bxc6 28. Qa6 Qd7 29. Na4 f4 30. g4 Nf6 31. Nc5 Qe8 32. Qxa7 Ne4 33. Nxe4 Qxe4 34. Qe7 1-0

[Event "Oberliga Baden 1415"]
[Site "Baden"]
[Date "2015.02.01"]
[Round "6.4"]
[White "Osorio Ortiz, Marcos Eduardo"]
[Black "Zeier, Klaus"]
[Result "1/2-1/2"]
[WhiteElo "2270"]
[BlackElo "2236"]
[PlyCount "132"]
[EventDate "2014.09.21"]
[EventType "team-tourn"]
[EventRounds "9"]
[EventCountry "GER"]
[SourceTitle "EXT 2016"]
[Source "ChessBase"]
[SourceDate "2015.10.08"]
[SourceVersion "1"]
[SourceVersionDate "2015.10.08"]
[SourceQuality "1"]
[WhiteTeam "Emmendingen"]
[BlackTeam "Ettlingen"]
[WhiteTeamCountry "GER"]
[BlackTeamCountry "GER"]

1. e4 e5 2. Nf3 Nc6 3. d4 exd4 4. Bc4 Nf6 5. e5 Ng4 6. Qe2 Qe7 7. Bf4 f6 8. exf6 Nxf6 9. Nbd2 d5 10. Bb5 Qxe2+ 11. Kxe2 a6 12. Bxc6+ bxc6 13. Bxc7 c5 14. b4 Ne4 15. bxc5 Nc3+ 16. Kf1 a5 17. Nxd4 Bxc5 18. N2f3 0-0 19. Bg3 Ba6+ 20. Ke1 Rfe8+ 21. Kd2 Ne4+ 22. Kd1 Ba3 23. Re1 Bb2 24. Rb1 Nc3+ 25. Kd2 Nxb1+ 26. Rxb1 Ba3 27. Rb3 Bc5 28. a4 Re4 29. c3 Rae8 30. Rb8 Ba7 31. Rxe8+ Rxe8 32. Bc7 Bb8 33. Bxa5 Bf4+ 34. Kc2 Be2 35. Bb6 Bc4 36. a5 h6 37. g3 Bd6 38. Nd2 Ba6 39. Nf5 Bf8 40. Ne3 Bb7 41. Nb3 Rc8 42. Kd2 Kf7 43. Kc2 Ke6 44. Nd4+ Kd7 45. Kb3 Ba6 46. Ndc2 Bc5 47. Nxd5 Bc4+ 48. Kxc4 Bxb6+ 49. Kb5 Bxa5 50. c4 Bc7 51. c5 Rf8 52. f4 Re8 53. Nce3 Re4 54. h4 Rd4 55. Nxc7 Kxc7 56. Nf5 Rd3 57. h5 Rd7 58. g4 Rf7 59. c6 Rf6 60. Nxg7 Rxc6 61. g5 Kd7 62. Nf5 hxg5 63. fxg5 Rc8 64. h6 Ke6 65. Nd4+ Kf7 66. Nf3 Kg6 1/2-1/2

[Event "Oberliga Baden 1415"]
[Site "Baden"]
[Date "2015.01.18"]
[Round "5.4"]
[White "Friedrich, Norbert"]
[Black "Osorio Ortiz, Marcos Eduardo"]
[Result "0-1"]
[WhiteElo "2340"]
[BlackElo "2258"]
[PlyCount "102"]
[EventDate "2014.09.21"]
[EventType "team-tourn"]
[EventRounds "9"]
[EventCountry "GER"]
[SourceTitle "EXT 2016"]
[Source "ChessBase"]
[SourceDate "2015.10.08"]
[SourceVersion "1"]
[SourceVersionDate "2015.10.08"]
[SourceQuality "1"]
[WhiteTeam "Waldshut Tiengen"]
[BlackTeam "Emmendingen"]
[WhiteTeamCountry "GER"]
[BlackTeamCountry "GER"]

1. e4 e6 2. d4 d5 3. Nd2 Nf6 4. e5 Nfd7 5. Bd3 c5 6. c3 Nc6 7. Ne2 cxd4 8. cxd4 f6 9. exf6 Nxf6 10. 0-0 Bd6 11. Nf3 Qc7 12. Nc3 a6 13. Bd2 0-0 14. Rc1 Bd7 15. Re1 Rae8 16. Na4 Re7 17. Nc5 Qb6 18. b4 Bc8 19. Bc3 g6 20. Rc2 Nh5 21. g3 Ng7 22. Bf1 h6 23. Nh4 Rf6 24. f4 Ref7 25. Bg2 Qd8 26. Rce2 g5 27. fxg5 hxg5 28. Nf3 Rxf3 29. Bxf3 Rxf3 30. Re3 Rxe3 31. Rxe3 e5 32. dxe5 Bxc5 33. bxc5 d4 34. Rd3 Ne6 35. Qh5 Kg7 36. Bb2 Bd7 37. Rb3 Nxc5 38. Rf3 Be8 39. Qg4 Bd7 40. Qh5 Be8 41. Qg4 Bg6 42. e6 Ne4 43. Rf1 Qd5 44. Ba3 Nf6 45. Qe2 Ne5 46. Be7 Nfg4 47. Bf8+ Kg8 48. e7 Be8 49. Rf5 Bc6 50. Rxg5+ Kf7 51. e8Q+ Kxe8 0-1

[Event "GER CupT Baden final"]
[Site "Baden"]
[Date "2014.07.20"]
[Round "5.2"]
[White "Osorio Ortiz, Marcos Eduardo"]
[Black "Raupp, Thomas"]
[Result "1-0"]
[WhiteElo "2284"]
[BlackElo "2315"]
[PlyCount "51"]
[EventDate "2014.05.04"]
[EventType "team-k.o."]
[EventRounds "5"]
[EventCountry "GER"]
[SourceTitle "EXT 2015"]
[Source "ChessBase"]
[SourceDate "2014.11.20"]
[SourceVersion "1"]
[SourceVersionDate "2014.11.20"]
[SourceQuality "1"]
[WhiteTeam "Emmendingen"]
[BlackTeam "Eppingen"]
[WhiteTeamCountry "GER"]
[BlackTeamCountry "GER"]

1. e4 c5 2. Nf3 Nc6 3. Bb5 g6 4. 0-0 Bg7 5. c3 Nf6 6. Re1 0-0 7. h3 Ne8 8. d4 cxd4 9. cxd4 Nc7 10. Bxc6 dxc6 11. Nc3 b6 12. Be3 Qd7 13. Qb3 Rd8 14. Rad1 Qe8 15. a4 Be6 16. Qa3 f6 17. Bf4 Rac8 18. d5 Bf7 19. Bxc7 Rxc7 20. Nd4 cxd5 21. exd5 Bf8 22. Ne4 Kg7 23. Qf3 f5 24. Ng5 e5 25. Nxf7 Qxf7 26. Ne6+ 1-0

[Event "Verbandsliga Sued Baden 1213"]
[Site "Baden"]
[Date "2013.02.17"]
[Round "6.3"]
[White "Meyer, Peter"]
[Black "Osorio Ortiz, Marcos Eduardo"]
[Result "0-1"]
[WhiteElo "2318"]
[BlackElo "2284"]
[PlyCount "52"]
[EventDate "2012.10.21"]
[EventType "team-tourn"]
[EventRounds "9"]
[EventCountry "GER"]
[SourceTitle "EXT 2014"]
[Source "ChessBase"]
[SourceDate "2013.11.20"]
[SourceVersion "1"]
[SourceVersionDate "2013.11.20"]
[SourceQuality "1"]
[WhiteTeam "Oberwinden"]
[BlackTeam "Emmendingen"]
[WhiteTeamCountry "GER"]
[BlackTeamCountry "GER"]

1. e4 e6 2. d4 d5 3. Nc3 Bb4 4. e5 Ne7 5. a3 Bxc3+ 6. bxc3 c5 7. h4 Qa5 8. Bd2 Qa4 9. Nf3 b6 10. h5 Nd7 11. h6 g6 12. Bg5 Nc6 13. Qd2 Ba6 14. Bxa6 Qxa6 15. Qf4 Qc4 16. Kd2 0-0 17. Bf6 Rac8 18. Rac1 cxd4 19. cxd4 Nc5 20. Rhe1 Ne4+ 21. Rxe4 dxe4 22. Qxe4 Na5 23. Qd3 Rc7 24. Rb1 Qa2 25. Rb4 Rfc8 26. Ne1 Nc4+ 0-1

[Event "Verbandsliga Sued Baden 1213"]
[Site "Baden"]
[Date "2013.01.13"]
[Round "4.2"]
[White "Osorio Ortiz, Marcos Eduardo"]
[Black "Boos, Olivier"]
[Result "1/2-1/2"]
[WhiteElo "2284"]
[BlackElo "2018"]
[PlyCount "65"]
[EventDate "2012.10.21"]
[EventType "team-tourn"]
[EventRounds "9"]
[EventCountry "GER"]
[SourceTitle "EXT 2014"]
[Source "ChessBase"]
[SourceDate "2013.11.20"]
[SourceVersion "1"]
[SourceVersionDate "2013.11.20"]
[SourceQuality "1"]
[WhiteTeam "Emmendingen"]
[BlackTeam "Oberkirch"]
[WhiteTeamCountry "GER"]
[BlackTeamCountry "GER"]

1. e4 e5 2. Nf3 Nc6 3. Bb5 Nd4 4. Nxd4 exd4 5. Bc4 c6 6. Qh5 Qe7 7. Qe2 Nf6 8. e5 Nd5 9. Bxd5 cxd5 10. 0-0 a5 11. Na3 Qc5 12. Nb5 Qxc2 13. Nd6+ Bxd6 14. exd6+ Qe4 15. Qb5 d3 16. b3 0-0 17. Bb2 Re8 18. f3 Qb4 19. Rae1 Re6 20. Qxd5 Qxd2 21. Qd4 f6 22. Rxe6 dxe6 23. d7 Bxd7 24. Bc1 Qxa2 25. Qxd7 Qxb3 26. Bd2 a4 27. Rc1 h6 28. h4 Kh7 29. Rc7 Rg8 30. Bc3 Qb6+ 31. Kh1 Qe3 32. Bxf6 d2 33. Qxg7+ 1/2-1/2

[Event "Verbandsliga Sued Baden 1213"]
[Site "Baden"]
[Date "2012.11.18"]
[Round "2.3"]
[White "Dobschat, Benjamin"]
[Black "Osorio Ortiz, Marcos Eduardo"]
[Result "0-1"]
[WhiteElo "2092"]
[BlackElo "2284"]
[PlyCount "58"]
[EventDate "2012.10.21"]
[EventType "team-tourn"]
[EventRounds "9"]
[EventCountry "GER"]
[SourceTitle "EXT 2014"]
[Source "ChessBase"]
[SourceDate "2013.11.20"]
[SourceVersion "1"]
[SourceVersionDate "2013.11.20"]
[SourceQuality "1"]
[WhiteTeam "Offenburg"]
[BlackTeam "Emmendingen"]
[WhiteTeamCountry "GER"]
[BlackTeamCountry "GER"]

1. e4 e6 2. d4 d5 3. Nd2 Nf6 4. e5 Nfd7 5. Bd3 c5 6. c3 Nc6 7. Ne2 cxd4 8. cxd4 f6 9. exf6 Nxf6 10. 0-0 Bd6 11. f4 Qb6 12. Nf3 e5 13. fxe5 Bxe5 14. Kh1 Bd6 15. Qe1 0-0 16. Qh4 Nb4 17. Bb1 Qa6 18. Bg5 Ne4 19. Be7 Bxe7 20. Qxe7 Nc6 21. Qxf8+ Kxf8 22. Bxe4 dxe4 23. Ng5+ Kg8 24. Ng3 e3 25. Rae1 h6 26. N5e4 Nxd4 27. Rxe3 Nf5 28. Ref3 Nxg3+ 29. hxg3 Be6 0-1

[Event "Baden-ch"]
[Site "Oberwinden"]
[Date "2007.04.11"]
[Round "8"]
[White "Osorio Ortiz, Marcos Eduardo"]
[Black "Stock, Lara"]
[Result "0-1"]
[WhiteElo "2228"]
[BlackElo "2265"]
[PlyCount "114"]
[EventDate "2007.04.06"]
[EventType "swiss"]
[EventRounds "11"]
[EventCountry "GER"]
[SourceTitle "CBM 117 Extra"]
[Source "ChessBase"]
[SourceDate "2007.05.09"]
[SourceVersion "1"]
[SourceVersionDate "2007.05.09"]
[SourceQuality "1"]

1. e4 e5 2. Nf3 Nf6 3. Nxe5 d6 4. Nf3 Nxe4 5. Qe2 Qe7 6. d3 Nf6 7. Qxe7+ Bxe7 8. Nc3 Nc6 9. Nb5 Bd8 10. Bg5 0-0 11. 0-0-0 a6 12. Nc3 Be6 13. d4 Nd5 14. Bxd8 Raxd8 15. Ng5 Nxc3 16. bxc3 Bxa2 17. Kb2 h6 18. Nh3 Be6 19. d5 Bxh3 20. dxc6 Bc8 21. Ra1 bxc6 22. Bxa6 Bxa6 23. Rxa6 Rb8+ 24. Kc1 Rb6 25. Rxb6 cxb6 26. Re1 Rc8 27. Re7 Kf8 28. Rb7 b5 29. Kd2 g6 30. Rd7 d5 31. Kd3 Re8 32. Rd6 Re6 33. Rd7 g5 34. Kd2 Kg7 35. Rc7 Kg6 36. Rd7 f5 37. Rc7 Kf6 38. Rh7 Ke5 39. Rd7 g4 40. Rd8 Ke4 41. Rf8 Kf4 42. Rg8 h5 43. Rh8 Kg5 44. g3 f4 45. Rg8+ Kf5 46. gxf4 Kxf4 47. Rf8+ Ke4 48. Ke2 Ke5 49. f3 Kd6+ 50. Kd3 Ke7 51. Rh8 gxf3 52. Rxh5 Rf6 53. Re5+ Kd6 54. Re1 f2 55. Rf1 Rf3+ 56. Kd2 Ke5 57. h4 Kf4 0-1

[Event "Baden-ch"]
[Site "Oberwinden"]
[Date "2007.04.07"]
[Round "3"]
[White "Gschnitzer, Oswald"]
[Black "Osorio Ortiz, Marcos Eduardo"]
[Result "1-0"]
[WhiteElo "2410"]
[BlackElo "2228"]
[PlyCount "91"]
[EventDate "2007.04.06"]
[EventType "swiss"]
[EventRounds "11"]
[EventCountry "GER"]
[SourceTitle "CBM 117 Extra"]
[Source "ChessBase"]
[SourceDate "2007.05.09"]
[SourceVersion "1"]
[SourceVersionDate "2007.05.09"]
[SourceQuality "1"]

1. Nf3 Nf6 2. c4 g6 3. Nc3 Bg7 4. e4 d6 5. d4 0-0 6. Be2 Bg4 7. Be3 Nc6 8. 0-0 Nd7 9. d5 Nce5 10. Nxe5 Bxe2 11. Nxf7 Bxd1 12. Nxd8 Bg4 13. Nxb7 Rfb8 14. h3 Rxb7 15. hxg4 Rxb2 16. Nb5 a6 17. Nxc7 Rc8 18. Ne6 Rxc4 19. Rac1 Rbc2 20. Rxc2 Rxc2 21. Rb1 Bb2 22. a4 Nc5 23. Bd4 Nd3 24. a5 h6 25. Bxb2 Rxb2 26. Rxb2 Nxb2 27. Nd4 Kf7 28. Kf1 Nc4 29. Nb3 e6 30. Ke2 exd5 31. exd5 Kf6 32. f4 h5 33. g5+ Kf7 34. Kd3 Nb2+ 35. Kd4 Na4 36. Kd3 Nb2+ 37. Ke4 Na4 38. Kd4 Ke7 39. Nd2 Nc5 40. Nc4 Nb3+ 41. Ke3 Kf8 42. Nxd6 Nxa5 43. Kd4 Ke7 44. Ke5 h4 45. f5 gxf5 46. g6 1-0

[Event "Oberliga Baden 0304 "]
[Site "Germany"]
[Date "2003.11.02"]
[Round "2.6"]
[White "Tammert, Guenther"]
[Black "Osorio Ortiz, Marcos Eduardo"]
[Result "1/2-1/2"]
[WhiteElo "2235"]
[BlackElo "2243"]
[PlyCount "26"]
[EventDate "2003.10.12"]
[EventType "team-tourn"]
[EventRounds "9"]
[EventCountry "GER"]
[SourceTitle "EXT 2006"]
[Source "ChessBase"]
[SourceDate "2005.11.24"]
[SourceVersion "1"]
[SourceVersionDate "2005.11.24"]
[SourceQuality "1"]
[WhiteTeam "Kuppenheim"]
[BlackTeam "Baden Oos II"]
[WhiteTeamCountry "GER"]
[BlackTeamCountry "GER"]

1. Nf3 Nf6 2. c4 g6 3. b3 Bg7 4. Bb2 d6 5. g3 0-0 6. Bg2 e5 7. d3 a5 8. Nc3 Na6 9. 0-0 Nc5 10. Nd2 Nh5 11. a3 f5 12. b4 Ne6 13. e3 Qe8 1/2-1/2

[Event "Oberliga Baden 0001"]
[Site "Baden"]
[Date "2001.01.07"]
[Round "4.7"]
[White "Schmidt, Ralf"]
[Black "Osorio Ortiz, Marcos Eduardo"]
[Result "1-0"]
[WhiteElo "2180"]
[BlackElo "2287"]
[PlyCount "59"]
[EventDate "2000.10.15"]
[EventType "team"]
[EventRounds "9"]
[EventCountry "GER"]
[SourceTitle "EXT 2002"]
[Source "ChessBase"]
[SourceDate "2001.11.25"]
[SourceVersion "1"]
[SourceVersionDate "2001.11.25"]
[SourceQuality "1"]

1. e4 e6 2. d3 d5 3. Nd2 Nf6 4. Ngf3 c5 5. g3 Nc6 6. Bg2 Bd6 7. 0-0 0-0 8. Ne1 dxe4 9. dxe4 e5 10. Nc4 Be7 11. Nd3 Bg4 12. Qd2 Nd7 13. Ne3 Be6 14. c4 a6 15. Nd5 b5 16. b3 bxc4 17. bxc4 Nb6 18. f4 exf4 19. gxf4 Nxc4 20. Qc3 Bxd5 21. exd5 Bf6 22. Qxc4 Bd4+ 23. Kh1 Na5 24. Qa4 Bxa1 25. Bd2 Bd4 26. Bxa5 Qf6 27. Bc7 Qf5 28. Qc4 Rfe8 29. d6 h5 30. Ne5 1-0